Intermodality - transportation solution for global trade
Globálny obchod a modality dopravy. Obchodný boom a požiadavky na dopravu medzi ASEAN + 3 (Južná Kórea, Japonsko, Čína) a Európskou úniou. Možnosti nákladnej dopravy na cestách medzi ASEAN + 3 a Európskou úniou. Intermodalita - kombinácia rôznych spôsobov dopravy za účelom lepšieho prepojenia.
Salvato in:
| Autore principale: | |
|---|---|
| Altri autori: | |
| Natura: | Capitolo di libro |
| Lingua: | inglese |
| Soggetti: | |
| Tags: |
Nessun Tag, puoi essere il primo ad aggiungerne!!
|
MARC
| LEADER | 00000naa$a2200000$$$4500 | ||
|---|---|---|---|
| 001 | 0047134 | ||
| 005 | 20240502071538.2 | ||
| 041 | 0 | |a eng | |
| 044 | |a SK | ||
| 245 | 1 | 0 | |a Intermodality - transportation solution for global trade |c Heda Hansenová, Ho Thi Thu Hoa |
| 520 | |a Globálny obchod a modality dopravy. Obchodný boom a požiadavky na dopravu medzi ASEAN + 3 (Južná Kórea, Japonsko, Čína) a Európskou úniou. Možnosti nákladnej dopravy na cestách medzi ASEAN + 3 a Európskou úniou. Intermodalita - kombinácia rôznych spôsobov dopravy za účelom lepšieho prepojenia. | ||
| 610 | 2 | 0 | |a doprava |
| 610 | 2 | 0 | |a doprava medzinárodná |
| 610 | 2 | 0 | |a doprava nákladná |
| 610 | 2 | 0 | |a siete dopravné |
| 610 | 2 | 0 | |a obchod |
| 610 | 2 | 0 | |a globalizácia |
| 610 | 2 | 0 | |a Európska únia |
| 610 | 2 | 0 | |a ASEAN |
| 100 | 1 | |a Hansenová, Heda | |
| 700 | 1 | |a Ho Thi Thu Hoa | |